<?xml version="1.0" encoding="UTF-8"?>
<collection xmlns="http://www.loc.gov/MARC21/slim">
 <record>
  <leader>01609nam a2200373   4500</leader>
  <controlfield tag="001">DLU130148678</controlfield>
  <controlfield tag="005">##20130625</controlfield>
  <controlfield tag="008">##831205s1960    njua     b    100 0 eng  </controlfield>
  <datafield tag="010" ind1="#" ind2="#">
   <subfield code="a">   59011081 </subfield>
  </datafield>
  <datafield tag="035" ind1="#" ind2="#">
   <subfield code="9">(DLC)   59011081</subfield>
  </datafield>
  <datafield tag="040" ind1="#" ind2="#">
   <subfield code="a">DLC/ICU</subfield>
   <subfield code="c">ICU</subfield>
   <subfield code="d">DLC</subfield>
  </datafield>
  <datafield tag="050" ind1="#" ind2="#">
   <subfield code="a">QA320</subfield>
   <subfield code="b">.C6 1957ca</subfield>
  </datafield>
  <datafield tag="082" ind1="#" ind2="#">
   <subfield code="a">515</subfield>
   <subfield code="b">Ana</subfield>
  </datafield>
  <datafield tag="111" ind1="#" ind2="#">
   <subfield code="a">Conference on Analytic Functions</subfield>
   <subfield code="d">(1957 :</subfield>
   <subfield code="c">Institute for Advanced Study (Princeton, N.J.))</subfield>
  </datafield>
  <datafield tag="245" ind1="#" ind2="#">
   <subfield code="a">Analytic functions /</subfield>
   <subfield code="c">R. Nevanlinna [and others].</subfield>
  </datafield>
  <datafield tag="260" ind1="#" ind2="#">
   <subfield code="a">Princeton, N.J. :</subfield>
   <subfield code="b">Princeton University Press,</subfield>
   <subfield code="c">1960.</subfield>
  </datafield>
  <datafield tag="300" ind1="#" ind2="#">
   <subfield code="a">vii, 197 p. :</subfield>
   <subfield code="b">illus. ;</subfield>
   <subfield code="c">24 cm.</subfield>
  </datafield>
  <datafield tag="504" ind1="#" ind2="#">
   <subfield code="a">Includes bibliographies.</subfield>
  </datafield>
  <datafield tag="505" ind1="#" ind2="#">
   <subfield code="a">On differentiable mappings, by R. Nevanlinna.--Analysis in non-compact complex spaces, by H. Behnke and H. Grauert.--The complex analytic structure of the space of closed Riemann surfaces, by L.V. Ahlfors.--Some remarks on perturbation of structure, by D.C. Spencer.--Quasiconformal mappings and Teichmüller's theorem, by L. Bers.--On compact analytic surfaces, by K. Kodaira.--The conformal mapping of Riemann surfaces, by M. Heins.--On certain coefficients of univalent functions, by J.A. Jenkins.</subfield>
  </datafield>
  <datafield tag="650" ind1="#" ind2="#">
   <subfield code="a">Analytic functions</subfield>
   <subfield code="x">Congresses.</subfield>
  </datafield>
  <datafield tag="650" ind1="#" ind2="#">
   <subfield code="a">Functional analysis</subfield>
   <subfield code="x">Congresses.</subfield>
  </datafield>
  <datafield tag="700" ind1="#" ind2="#">
   <subfield code="a">Nevanlinna, Rolf Herman,</subfield>
   <subfield code="d">1895-</subfield>
  </datafield>
  <datafield tag="830" ind1="#" ind2="#">
   <subfield code="a">Princeton mathematical series ;</subfield>
   <subfield code="v">24.</subfield>
  </datafield>
  <datafield tag="923" ind1="#" ind2="#">
   <subfield code="a">01/2013</subfield>
  </datafield>
  <datafield tag="991" ind1="#" ind2="#">
   <subfield code="a">GT</subfield>
  </datafield>
  <datafield tag="992" ind1="#" ind2="#">
   <subfield code="a">3940</subfield>
  </datafield>
  <datafield tag="994" ind1="#" ind2="#">
   <subfield code="a">DLU</subfield>
  </datafield>
  <datafield tag="900" ind1="#" ind2="#">
   <subfield code="a">True</subfield>
  </datafield>
  <datafield tag="911" ind1="#" ind2="#">
   <subfield code="a">Đào Thị Thu Huyền</subfield>
  </datafield>
  <datafield tag="925" ind1="#" ind2="#">
   <subfield code="a">G</subfield>
  </datafield>
  <datafield tag="926" ind1="#" ind2="#">
   <subfield code="a">A</subfield>
  </datafield>
  <datafield tag="927" ind1="#" ind2="#">
   <subfield code="a">SH</subfield>
  </datafield>
  <datafield tag="980" ind1="#" ind2="#">
   <subfield code="a">Thư viện Trường Đại học Đà Lạt</subfield>
  </datafield>
 </record>
</collection>
